<?xml version="1.0" encoding="UTF-8"?><?xml-stylesheet type="text/xsl" href="static/style.xsl"?><OAI-PMH xmlns="http://www.openarchives.org/OAI/2.0/" xmlns:xsi="http://www.w3.org/2001/XMLSchema-instance" xsi:schemaLocation="http://www.openarchives.org/OAI/2.0/ http://www.openarchives.org/OAI/2.0/OAI-PMH.xsd"><responseDate>2026-04-13T05:47:07Z</responseDate><request verb="GetRecord" identifier="oai:www.recercat.cat:10459.1/59390" metadataPrefix="marc">https://recercat.cat/oai/request</request><GetRecord><record><header><identifier>oai:recercat.cat:10459.1/59390</identifier><datestamp>2024-12-05T22:25:07Z</datestamp><setSpec>com_2072_3622</setSpec><setSpec>col_2072_479130</setSpec></header><metadata><record xmlns="http://www.loc.gov/MARC21/slim" xmlns:dcterms="http://purl.org/dc/terms/" xmlns:xsi="http://www.w3.org/2001/XMLSchema-instance" xmlns:doc="http://www.lyncode.com/xoai" xsi:schemaLocation="http://www.loc.gov/MARC21/slim http://www.loc.gov/standards/marcxml/schema/MARC21slim.xsd">
   <leader>00925njm 22002777a 4500</leader>
   <datafield ind2=" " ind1=" " tag="042">
      <subfield code="a">dc</subfield>
   </datafield>
   <datafield ind2=" " ind1=" " tag="720">
      <subfield code="a">Royo Campo, Albert</subfield>
      <subfield code="e">author</subfield>
   </datafield>
   <datafield ind2=" " ind1=" " tag="260">
      <subfield code="c">2017-03-23T10:01:50Z</subfield>
   </datafield>
   <datafield ind2=" " ind1=" " tag="260">
      <subfield code="c">2017-03-23T10:01:50Z</subfield>
   </datafield>
   <datafield ind2=" " ind1=" " tag="260">
      <subfield code="c">2015</subfield>
   </datafield>
   <datafield ind2=" " ind1=" " tag="520">
      <subfield code="a">Es tracta d’un estudi parcial i introductori en&#xd;
què s’intenta copsar l’experiència dels lleidatans&#xd;
a la División Azul emprant els estudis realitzats&#xd;
anteriorment i una valoració personal extreta de la&#xd;
consulta del diari falangista La Mañana. La consulta&#xd;
hemerogràfica propicia un nou aire a l’estudi&#xd;
desmarcant-se així dels ja realitzats sobre el tema.&#xd;
A més, procura interrelacionar el fet dels lleidatans&#xd;
divisionaris amb la postura i el paper jugat per la&#xd;
Falange a Lleida i pel règim franquista en general&#xd;
respecte de la División. Així doncs, l’experiència&#xd;
viscuda es difumina amb el caràcter general del&#xd;
règim, la qual cosa proporciona una visió més lligada&#xd;
amb el context espanyol i europeu del moment, que&#xd;
facilita una major comprensió del fenomen.</subfield>
   </datafield>
   <datafield ind1="8" ind2=" " tag="024">
      <subfield code="a">http://hdl.handle.net/10459.1/59390</subfield>
   </datafield>
   <datafield tag="653" ind2=" " ind1=" ">
      <subfield code="a">División Azul</subfield>
   </datafield>
   <datafield tag="653" ind2=" " ind1=" ">
      <subfield code="a">Lleida</subfield>
   </datafield>
   <datafield tag="653" ind2=" " ind1=" ">
      <subfield code="a">La Mañana</subfield>
   </datafield>
   <datafield tag="653" ind2=" " ind1=" ">
      <subfield code="a">Falange</subfield>
   </datafield>
   <datafield tag="653" ind2=" " ind1=" ">
      <subfield code="a">URSS</subfield>
   </datafield>
   <datafield tag="653" ind2=" " ind1=" ">
      <subfield code="a">Comunisme</subfield>
   </datafield>
   <datafield ind2="0" ind1="0" tag="245">
      <subfield code="a">Les terres de Lleida i la División Azul</subfield>
   </datafield>
</record></metadata></record></GetRecord></OAI-PMH>